Представление документа в формате MARC21

Поле Инд. ПП Название Значение
Тип записи a
Библиографический уровень m
001 Контрольный номер ad1c33e2-9afe-4678-a43d-7680b6b85ad8
005 Дата корректировки 20140703134048.5
008 Кодируемые данные 050428
020 c Цена, тираж б/ц
040 a Служба первич. каталог. НБ ТвГУ
041 a Код языка текста rus
080 a Индекс УДК 316.7(043.3)
084 a Индекс другой классификации/Индекс ББК С523я031
090 x Авторский знак Р24
a Полочн. индекс С523
100 1_ a Автор Расторгуев Валерий Николаевич
245 10 a Заглавие Концептуальный синтез в специализированных областях культуры (методологический аспект)
b Продолж. заглавия автореф. дис. ... д-ра филос. наук : 22.00.06
c Ответственность Твер. гос. ун-т, Каф. философии
260 0_ a Место издания Москва
b Издательство Научно-исследовательский ин-т культуры АН СССР
c Дата издания 1991
300 a Объем 32 с.
500 a Примечание На правах рукоп.
504 a Библиография Библиогр.: с. 28-32 и в подстроч. примеч.
583 a Действие Получение впервые 130 28.04.2005
650 a Основная рубрика Социокультурная среда
650 a Основная рубрика Культура
x Основная подрубрика Социология
653 a Ключевые слова Социокультурная среда
a Ключевые слова Культура
a Ключевые слова Социология культуры
a Ключевые слова Авторефераты
a Ключевые слова Труды Тверского государственного университета
710 a Организация/ юрисдикция Тверской государственный университет
852 t Порядковый номер экземпляра 1
p Инвентарный номер б/н
888 a Бесплатные
930 a Новая/Ретро авторефераты
952 p 131.2005 б/ц 1 б/н
c Вид литературы А/Р н
954 a Дата поступления на обработку 20050506
999 a Подразделение 2 ч.з.